| 000 | 00550nam a22001817i 4500 | ||
|---|---|---|---|
| 999 |
_c22928 _d22928 |
||
| 003 | AR-CdUCM | ||
| 008 | 240529b20212021 es||||| |||| 00| 0 spa d | ||
| 020 | _a978-841860858-2 | ||
| 040 |
_aMUNICIPALIDAD PROVINCIAL DEL CUSCO _cBIBLIOTECA MUNICIPAL DEL CUSCO |
||
| 082 |
_a869.57 / B186E _bB186E |
||
| 100 |
_aBallón Simoni, María del Rosario. _950023 |
||
| 245 | _aElla / | ||
| 260 |
_aEspaña : _bPenguin Random House, _c2021 |
||
| 300 |
_a523 páginas. : _c23 cm. |
||
| 650 |
_aNovela _950024 |
||
| 942 |
_2ddc _cLIBROS |
||
| 945 |
_apbj _d2024-05-29 |
||